The Female Equivalent Quiz Stats

 Plays Quiz Updated Oct 30, 2018

Challenge
Share
Tweet
Embed
Score 0/30 Timer 03:00
0 Plays Today
Male Female Equivalent % Correct
KingQueen
99.8%
ManWoman
99.6%
BrotherSister
99.6%
UncleAunt
99.6%
HimHer
99.5%
BoyGirl
99.5%
HusbandWife
99.4%
SonDaughter
99.4%
HeShe
99.3%
PrincePrincess
99.3%
ActorActress
98.9%
NephewNiece
98.6%
WaiterWaitress
97.1%
SirMadam
89.1%
HeroHeroine
88.9%
Male Female Equivalent % Correct
LordLady
88.8%
GodGoddess
86.3%
DukeDuchess
85.4%
HeadmasterHeadmistress
83.8%
BaronBaroness
82.5%
FraternitySorority
79.1%
WarlockWitch
72.2%
LadLass
65.8%
MasseurMasseuse
57.5%
ComedianComedienne
56.7%
KnightDame
45.7%
IncubusSuccubus
29.7%
AviatorAviatrix
26.7%
AbbotAbbess
26.2%
FishmongerFishwife
14.3%

You're not logged in!

Compare scores with friends on all Sporcle quizzes.
OR
Log In

You Might Also Like...

Show Comments

Extras

Top Quizzes Today


Score Distribution

Your Account Isn't Verified!

In order to create a playlist on Sporcle, you need to verify the email address you used during registration. Go to your Sporcle Settings to finish the process.

Report this User

Report this user for behavior that violates our Community Guidelines.

Details: